|
|
|
|
| LEADER |
01370nam a22003257a 4500 |
| 001 |
42405 |
| 003 |
BD-DhAAL |
| 005 |
20240318142413.0 |
| 008 |
240318t1996 nyua|||| |||| 00| 0 eng d |
| 020 |
|
|
|a 0026358883
|
| 020 |
|
|
|a 0026358891
|
| 040 |
|
|
|a BD-DhAAL
|d BD-DhAAL
|
| 082 |
|
|
|a 808.0420712
|2 21
|
| 245 |
|
|
|a Writer's choice :
|b grammar and composition /
|c consulting author for composition, William Strong ; grammar specialist, Mark Lester ; visual-verbal learning specialists, Ligature, Inc. Glencoe/McGraw-Hill
|
| 246 |
|
|
|a Writer's choice. 11 :
|b grammar and composition /
|
| 300 |
|
|
|a xxiv, 870 pages :
|b ill. (some col.) ;
|c 28 cm.
|
| 500 |
|
|
|a Textbook for grade 11.
|
| 541 |
|
|
|a Donation from the Asia Foundation
|e 42405
|
| 650 |
|
|
|a English language
|x Composition and exercises.
|
| 650 |
|
|
|a Report writing
|x Study and teaching.
|
| 650 |
|
|
|a English language
|x Study and teaching (Secondary)
|
| 650 |
|
|
|a Literature
|x Study and teaching.
|
| 700 |
|
|
|a Strong, William.
|
| 700 |
|
|
|a Lester, Mark.
|
| 700 |
|
|
|a Inc., Ligature.
|9 56156
|
| 710 |
|
|
|a Glencoe/McGraw-Hill
|
| 852 |
|
|
|a Savar Campus Library
|c General Stacks
|
| 942 |
|
|
|2 ddc
|c BK
|
| 999 |
|
|
|c 46468
|d 46468
|
| 952 |
|
|
|0 0
|1 0
|2 ddc
|4 0
|6 808_042071200000000_WRI
|7 0
|9 75270
|a SCL
|b SCL
|c GEN
|d 2024-03-18
|e Donation from the Asia Foundation
|l 0
|o 808.0420712 WRI
|p 3020042405
|r 2024-03-18
|t 1
|w 2024-03-18
|y BK
|